000
00270nam a2200109Ia 4500
008
220204s9999 xx 000 0 und d
082
_a
641.85
_b
DUN
100
_a
Dunbar, Patricia
245
0
_a
Cadbury's chocolate cookbook
260
_a
London
_b
Hamlyn
_c
1978
942
_c
BK
999
_c
38692
_d
38692